000 00414nam a2200169Ia 4500
008 230711s9999||||xx |||||||||||||| ||und||
041 _aENG
082 _a621
_bMU-B
100 _a K.V.V. Murthy
245 0 _aBasic circuit system
250 _a1st Ed.
260 _c1989
_aNew Delhi
_bJaico Books Publishing House
300 _a615
650 _aElectronics Engineering
700 _aM.S. Kamath
942 _cBK
999 _c1690
_d1690